Vida y milagros de la crónica en México /

Salvato in:
Dettagli Bibliografici
Autore principale: Sefchovich, Sara (autor)
Natura: Libro
Lingua:spagnolo
Pubblicazione: México : Océano, 2017, c2017
Soggetti:
Tags: Aggiungi Tag
Nessun Tag, puoi essere il primo ad aggiungerne!!

MARC

LEADER 00000nam^a2200000^a^4500
001 000421558
005 20250521000000.0
009 20260310122539.723
020 |a 978-607-527-382-2 
037 |a Acervo ITESO - Biblioteca 
041 |a ESP 
082 |a 860. 972  |b SEF 
100 |a Sefchovich, Sara  |e (autor) 
245 1 0 |a Vida y milagros de la crónica en México /  |c S. Sefchovich. 
264 4 |a México :  |b Océano,  |c 2017, c2017 
300 |a 271 p. 
336 |a texto  |b txt  |2 rdacontenido 
337 |a sin mediación  |b n  |2 rdamedio 
338 |a volumen  |b nc  |2 rdasoporte 
521 |a FIL 2019 DIA 
649 |a XX 
650 |a Crónicas -  |z México -  |x Historia y Crítica -  |x Tema Principal 
650 |a Narrativa -  |z México 
650 |a Prosa Literaria -  |z México 
650 |a Literatura Mexicana -  |x Historia y Crítica 
650 |a Literatura y Sociedad -  |z México 
910 |a Fondo General 
920 |a Impresos - Libros 
930 |a Colección General 
940 |a Literatura 
905 |a 101 
901 |a 0500339283  |b IT1  |c LIT  |i C169223  |u 20250521 
902 |a https://opac.biblio.iteso.mx/vufind/Record/000421558